Aprendizaje de niños y maestros: hacia la construcción del sujeto educativo

Bewaard in:
Bibliografische gegevens
Hoofdauteur: Emilce Elichiry, Nora (Auteur)
Formaat: Boek
Taal:Spaans
Gepubliceerd in: Buenos Aires Manantial 2000
Reeks:Biblioteca Educación
Onderwerpen:
Tags: Voeg label toe
Geen labels, Wees de eerste die dit record labelt!

MARC

LEADER 00000nam a2200000 a 4500
001 UCH0045
003 CL-VaPUC
008 090108e20000000AG |||||||||||||||||spa|d
020 |a 978875000551 
082 0 4 |a 371.102  |b EMI  |2 21 
100 0 |a Emilce Elichiry, Nora  |e author  |9 534129 
245 1 0 |a Aprendizaje de niños y maestros: hacia la construcción del sujeto educativo 
300 |a 197 p 
942 |c BK 
945 |d 20090108 00:00:00  |a rbrito 
260 |a Buenos Aires  |b Manantial  |c 2000 
650 0 |a Métodos de enseñanza  |9 270413 
650 0 |a Formación profesional de profesores  |9 307493 
650 0 |a Evaluación de la educación   |9 237505 
583 |a last modification  |c 20180327 01:25:58  |k Rodrigo Vera 
490 0 |a Biblioteca Educación 
999 |c 332450  |d 332448 
952 |0 0  |1 0  |4 0  |6 371_102000000000000_EMI_2000  |7 0  |8 A  |9 420163  |a BIBEDU  |b BIBEDU  |d 2019-11-22  |i 4511069  |o 371.102 EMI 2000  |p 4511069  |r 2019-11-22  |w 2019-11-22  |y BK  |k EPE